000 00278nam a22001097a 4500
008 170113b xxu||||| |||| 00| 0 eng d
020 _a9780801658419
041 _aeng
080 _23RD
_a618.2
245 _aDIAGNOSTIC TESTING & NURSING IMPLICATIONS
_cPAGANA, K.D
942 _2udc
_cBK
999 _c2860
_d2860